Angrezi upanyas ka vikas aur uski rachana paddati (Record no. 223152)

MARC details
000 -LEADER
fixed length control field 00409nam a2200145Ia 4500
008 - FIXED-LENGTH DATA ELEMENTS--GENERAL INFORMATION
fixed length control field 230917s9999||||xx |||||||||||||| ||und||
040 ## - CATALOGING SOURCE
-- 150749
Original cataloging agency VIVEKANANDA LIBRARY
041 ## - Language
-- English
082 ## - DDC NUMBER
Classification number 823.09 M687A
100 ## - MAIN ENTRY--PERSONAL NAME
Personal name Mishra, Shri Narayan
245 #0 - TITLE STATEMENT
Title Angrezi upanyas ka vikas aur uski rachana paddati
260 ## - PUBLICATION, DISTRIBUTION, ETC. (IMPRINT)
Place of publication, distribution, etc Lucknow
Name of publisher, distributor, etc Hindi Samiti Suchna Vibhag Uttar Pradesh
Date of publication, distribution, etc 1961
300 ## - PHYSICAL DESCRIPTION
Pages 362 p.
942 ## - ADDED ENTRY ELEMENTS (KOHA)
Koha item type Books
Holdings
Withdrawn status Lost status Damaged status Not for loan Location (home branch) Sublocation or collection (holding branch) Date acquired Koha issues (times borrowed) Koha full call number Accession No. Koha date last seen Koha item type
        VIVEKANANDA LIBRARY VIVEKANANDA LIBRARY 04/04/2010   823.09 M687A 8952 17/09/2023 Books
© Designed and Maintained by Vivekananda Library, MDU Rohtak